[Event "Tarragona Province-ch"]
[Site "Tarragona"]
[Date "2018.10.07"]
[Round "2"]
[White "Ribes Cabrera, Jordi"]
[Black "Bru Rullo, Llatzer"]
[Result "0-1"]
[WhiteElo "1912"]
[BlackElo "2179"]
[PlyCount "64"]
[EventDate "2018.09.30"]
[EventType "swiss"]
[EventRounds "9"]
[EventCountry "ESP"]
[SourceTitle "CBM 187 Extra"]
[Source "ChessBase"]
[SourceDate "2018.11.04"]
[SourceVersion "1"]
[SourceVersionDate "2018.11.04"]
[SourceQuality "1"]

1. e4 c5 2. Nf3 e6 3. d4 cxd4 4. Nxd4 Nc6 5. Be3 Qc7 6. Be2 Nf6 7. Nc3 a6 8. 0-0 Be7 9. Bf3 Ne5 10. Be2 d6 11. f4 Nc6 12. Nxc6 bxc6 13. e5 dxe5 14. Bf3 Bb7 15. fxe5 Qxe5 16. Bf4 Qa5 17. Ne4 0-0 18. c3 Qb6+ 19. Kh1 Nxe4 20. Bxe4 c5 21. Bxb7 Qxb7 22. Qe2 Qc6 23. Rf3 c4 24. Rh3 Rad8 25. Qh5 Qe4 26. Rf1 Rd5 27. Qg4 Rd3 28. Rxd3 cxd3 29. Qg3 Rd8 30. Be5 f6 31. Bxf6 Bxf6 32. Rxf6 d2 0-1

[Event "Tarragona-chA"]
[Site "Tarragona"]
[Date "2017.10.15"]
[Round "2"]
[White "John Madria, Joseph"]
[Black "Ribes Cabrera, Jordi"]
[Result "1/2-1/2"]
[WhiteElo "1619"]
[BlackElo "1950"]
[PlyCount "83"]
[EventDate "2017.10.08"]
[EventType "swiss"]
[EventRounds "9"]
[EventCountry "ESP"]
[SourceTitle "CBM 181 Extra"]
[Source "ChessBase"]
[SourceDate "2017.12.12"]
[SourceVersion "1"]
[SourceVersionDate "2017.12.12"]
[SourceQuality "1"]

1. d4 Nf6 2. Nf3 d5 3. Bf4 e6 4. e3 Nbd7 5. Bd3 Be7 6. Ne5 0-0 7. Nd2 c5 8. c3 Re8 9. 0-0 Nf8 10. Qe2 Ng6 11. Nxg6 hxg6 12. Nf3 Bd6 13. Bg5 Qc7 14. Rac1 e5 15. dxe5 Bxe5 16. Nxe5 Qxe5 17. Bf4 Qe7 18. Qc2 Bd7 19. c4 b6 20. a3 Bc6 21. Rfe1 Rad8 22. cxd5 Nxd5 23. Bg3 f5 24. h3 Nf6 25. Bh4 Qb7 26. Bf1 Rd7 27. b4 Ne4 28. f3 g5 29. fxe4 Bxe4 30. Qf2 gxh4 31. Qxh4 Red8 32. bxc5 bxc5 33. Rxc5 Qb6 34. Rec1 Bd5 35. Bb5 Rd6 36. Qg5 Rg6 37. Qxd8+ Qxd8 38. Rc8 Rxg2+ 39. Kf1 Qxc8 40. Rxc8+ Kh7 41. Rc5 Be4 42. Rxf5 1/2-1/2

[Event "Tarragona Province-chA"]
[Site "L'Hospitalet Infant"]
[Date "2016.10.02"]
[Round "1"]
[White "Ribes Cabrera, Jordi"]
[Black "Alcover Sancho, Manuel"]
[Result "1-0"]
[WhiteElo "1956"]
[BlackElo "1717"]
[PlyCount "75"]
[EventDate "2016.10.02"]
[EventType "swiss"]
[EventRounds "9"]
[EventCountry "ESP"]
[SourceTitle "EXT 2018"]
[Source "ChessBase"]
[SourceDate "2017.10.13"]
[SourceVersion "1"]
[SourceVersionDate "2017.10.13"]
[SourceQuality "1"]

1. d4 Nf6 2. c4 g6 3. Nc3 d5 4. Bg5 dxc4 5. e3 Bg7 6. Bxc4 0-0 7. Nf3 Nbd7 8. 0-0 Nb6 9. Bd3 Nbd5 10. e4 Nxc3 11. bxc3 b6 12. e5 Ne8 13. Qd2 Bb7 14. Ne1 Rc8 15. Nc2 Qd5 16. f4 Qd8 17. c4 c5 18. d5 f6 19. Bh4 fxe5 20. Rae1 Bf6 21. Bxf6 exf6 22. fxe5 fxe5 23. Rxf8+ Kxf8 24. Qh6+ Kg8 25. Rf1 Ng7 26. Ne3 Qd6 27. Rf3 Rc7 28. Ng4 Rf7 29. Rxf7 Kxf7 30. Qxh7 Qf8 31. Nxe5+ Ke8 32. Qxg6+ Kd8 33. d6 Ne8 34. Nf7+ Kc8 35. Qe6+ Kb8 36. d7 Nc7 37. Qe5 Qxf7 38. d8Q+ 1-0

[Event "Tarragona Province-ch 45th"]
[Site "Tarragona"]
[Date "2002.10.20"]
[Round "3"]
[White "Ribes Cabrera, Jordi"]
[Black "Velasco Blasco, Juan Manuel"]
[Result "0-1"]
[WhiteElo "2140"]
[BlackElo "2169"]
[PlyCount "26"]
[EventDate "2002.11.02"]
[EventType "swiss"]
[EventRounds "8"]
[EventCountry "ESP"]
[SourceTitle "CBM 091 Extra"]
[Source "ChessBase"]
[SourceDate "2003.01.09"]
[SourceVersion "1"]
[SourceVersionDate "2003.01.09"]
[SourceQuality "1"]

1. d4 d5 2. c4 Nc6 3. Nf3 Bg4 4. Nc3 e6 5. Bf4 Nf6 6. e3 Be7 7. Be2 0-0 8. 0-0 Nh5 9. Bg3 Nxg3 10. hxg3 a6 11. cxd5 exd5 12. Qb3 Be6 13. Qxb7 Na5 0-1

[Event "Mollerussa op-A"]
[Site "Mollerusa"]
[Date "1997.??.??"]
[Round "8"]
[White "Castany Pampalona, Andreu"]
[Black "Ribes Cabrera, Jordi"]
[Result "0-1"]
[WhiteElo "2015"]
[BlackElo "2015"]
[PlyCount "52"]
[EventDate "1997.??.??"]
[EventType "swiss"]
[EventRounds "9"]
[EventCountry "ESP"]
[SourceTitle "EXT 2003"]
[Source "ChessBase"]
[SourceDate "2002.11.25"]
[SourceVersion "1"]
[SourceVersionDate "2002.11.25"]
[SourceQuality "1"]

1. d4 Nf6 2. c4 c5 3. d5 e6 4. Nc3 exd5 5. cxd5 d6 6. e4 g6 7. f4 Bg7 8. Nf3 0-0 9. Bd3 Na6 10. 0-0 Re8 11. h3 c4 12. Bc2 Nb4 13. Re1 Nd7 14. a4 a6 15. Nd2 Nd3 16. Bxd3 cxd3 17. Kh1 Nc5 18. Ra3 f5 19. exf5 Bxf5 20. g4 Qh4 21. Rxe8+ Rxe8 22. Kg2 Bxc3 23. Nf3 Be4 24. Rxc3 Bxf3+ 25. Qxf3 Re2+ 26. Kf1 Qe1# 0-1

[Event "Mollerussa op-A"]
[Site "Mollerusa"]
[Date "1997.??.??"]
[Round "6"]
[White "Martinez Lopez, Ivan"]
[Black "Ribes Cabrera, Jordi"]
[Result "1/2-1/2"]
[WhiteElo "2160"]
[BlackElo "2015"]
[PlyCount "122"]
[EventDate "1997.??.??"]
[EventType "swiss"]
[EventRounds "9"]
[EventCountry "ESP"]
[SourceTitle "EXT 2003"]
[Source "ChessBase"]
[SourceDate "2002.11.25"]
[SourceVersion "1"]
[SourceVersionDate "2002.11.25"]
[SourceQuality "1"]

1. e4 c6 2. d4 d5 3. e5 Bf5 4. Nc3 Nd7 5. g4 Bg6 6. h4 h6 7. Nge2 e6 8. Be3 Ne7 9. f4 f6 10. Qd2 c5 11. f5 fxe5 12. Nb5 Nc6 13. fxg6 cxd4 14. Nexd4 exd4 15. Nxd4 Nxd4 16. Bxd4 e5 17. Bf2 d4 18. Bc4 Qb6 19. Bf7+ Kd8 20. 0-0 Bb4 21. c3 Bc5 22. b4 Bd6 23. a3 Qc6 24. cxd4 Qe4 25. Qd1 Nf6 26. Re1 Qxg4+ 27. Qxg4 Nxg4 28. Bg3 Ke7 29. dxe5 Bc7 30. Kg2 Bb6 31. Kf3 h5 32. Bf4 Rhc8 33. Bg5+ Kf8 34. Rac1 Nh6 35. Bxh6 gxh6 36. e6 Bd8 37. Ke4 Bxh4 38. Rxc8+ Rxc8 39. Rh1 Bf6 40. Rxh5 Bg7 41. Rd5 Rc7 42. Kf5 Ke7 43. Rd3 a6 44. Bg8 Bh8 45. Kg4 Bg7 46. Kh5 Ke8 47. Rf3 Bf8 48. Bh7 Bg7 49. Rf7 Rxf7 50. gxf7+ Ke7 51. Bf5 Kf6 52. Kg4 b6 53. Kf4 a5 54. bxa5 bxa5 55. a4 Bf8 56. Bg4 Bd6+ 57. Ke4 Ke7 58. Kf5 Bb4 59. Kg6 Kf8 60. Bf5 Be7 61. Kxh6 Bd8 1/2-1/2

[Event "Mollerussa op-A"]
[Site "Mollerusa"]
[Date "1997.??.??"]
[Round "4"]
[White "Tressents Pla, Lluis"]
[Black "Ribes Cabrera, Jordi"]
[Result "1/2-1/2"]
[WhiteElo "2215"]
[BlackElo "2015"]
[PlyCount "61"]
[EventDate "1997.??.??"]
[EventType "swiss"]
[EventRounds "9"]
[EventCountry "ESP"]
[SourceTitle "EXT 2003"]
[Source "ChessBase"]
[SourceDate "2002.11.25"]
[SourceVersion "1"]
[SourceVersionDate "2002.11.25"]
[SourceQuality "1"]

1. e4 c5 2. Nf3 d6 3. d4 cxd4 4. Nxd4 Nf6 5. Nc3 a6 6. a4 e6 7. Be2 Be7 8. 0-0 Nc6 9. Be3 0-0 10. f4 Qc7 11. Nb3 Rd8 12. a5 Nd7 13. Qe1 b6 14. axb6 Nxb6 15. Qf2 Rb8 16. Bxa6 Bxa6 17. Rxa6 Nc4 18. Rfa1 Nxe3 19. Qxe3 Bf6 20. R6a4 Nb4 21. Qd2 Qb6+ 22. Kf1 Nxc2 23. Qxc2 Qxb3 24. Qxb3 Rxb3 25. Ra8 Rdb8 26. Rxb8+ Rxb8 27. Ra5 Bxc3 28. bxc3 Kf8 29. Kf2 Rc8 30. Ra3 Rc5 31. g4 1/2-1/2